Proměny a stálost Garfinkelovy etnometodologie
V roku 2017 uplynulo 50 rokov od vydania prelomových Studies in Ethnomethodology (1967) a zároveň 100 rokov od narodenia ich autora. Americký sociológ Harold Garfinkel zformuloval, rozpracoval a empiricky ilustroval niektoré základné princípy radikálne nového prístupu k sociológii, ktorý sa sústreďu...
Saved in:
| Main Author: | |
|---|---|
| Format: | Book Chapter |
| Language: | Czech |
| Subjects: | |
| Tags: |
No Tags, Be the first to tag this record!
|
MARC
| LEADER | 00000naa a2200000 4500 | ||
|---|---|---|---|
| 001 | 0242618 | ||
| 005 | 20180504124930.2 | ||
| 041 | 0 | |a cze | |
| 044 | |a SK | ||
| 245 | 1 | 0 | |a Proměny a stálost Garfinkelovy etnometodologie |c Jakub Mlynář |
| 520 | |a V roku 2017 uplynulo 50 rokov od vydania prelomových Studies in Ethnomethodology (1967) a zároveň 100 rokov od narodenia ich autora. Americký sociológ Harold Garfinkel zformuloval, rozpracoval a empiricky ilustroval niektoré základné princípy radikálne nového prístupu k sociológii, ktorý sa sústreďuje na organizovaný proces utvárania sociálneho poriadku okamih za okamihom v priebehu rutinných sociálnych interakcií, a to cez záujem o metódy používané samotnými aktérmi (členmi spoločnosti). Bibliografia Garfinkelovej etnometodológie. Korpus Garfinkelovej etnometodológie (GEM). Najcitovanejší autori v celom korpuse GEM. | ||
| 610 | 2 | 0 | |a sociológia |
| 610 | 2 | 0 | |a metodológia |
| 610 | 2 | 0 | |a spoločnosť |
| 610 | 2 | 0 | |a štúdie |
| 610 | 2 | 0 | |a literatúra |
| 610 | 2 | 0 | |a veda |
| 100 | 1 | |a Mlynář, Jakub | |